| 000 | 00767nam a2200241 a 4500 | ||
|---|---|---|---|
| 001 | 000009751 | ||
| 005 | 20200929161705.0 | ||
| 008 | 091001s1981 dr a 000 p spa d | ||
| 040 | _aDO-SdBNP | ||
| 082 |
_aCu861.44 _bC357c |
||
| 100 | 1 |
_aCatalá, Rafael, _d1942- _99221 |
|
| 245 | 1 | 0 |
_aCopulantes / _cRafael Catalá. |
| 260 |
_aSanto Domingo _fCentro Gráfico Unido _c1981. |
||
| 300 |
_a66 p. : _bil. ; _c22 cm. |
||
| 490 | 1 | _aColección de poesía luna cabeza caliente | |
| 490 | 1 |
_aSerie Novilunio _vno. 3 |
|
| 500 | _aIncluye datos biográficos del autor | ||
| 650 | 4 |
_aPoesía cubana _95226 |
|
| 650 | 4 |
_aLiteratura cubana _91483 |
|
| 830 | 0 |
_aColección de poesía luna cabeza caliente _924654 |
|
| 830 | 0 |
_aSerie Novilunio _vno. 3 _924655 |
|
| 049 | _aBNPHU | ||
| 999 |
_c9511 _d9511 |
||